|
|
|
|
| LEADER |
01302ppm a22002658a 4500 |
| 001 |
00045099 |
| 005 |
20191023131057.0 |
| 008 |
151112s2015 ||||||viesd |
| 041 |
0 |
# |
|a vie
|
| 082 |
1 |
4 |
|b Đ107GI
|a 372.7
|
| 100 |
1 |
# |
|a Nguyễn, Hồ Ngọc My
|
| 245 |
0 |
0 |
|a Đánh giá năng lực tính toán của học sinh dạy học chủ đề “Số thập phân - Các phép tính với số thập phân” ở toán 5
|b Luận văn thạc sĩ khoa học giáo dục. Chuyên ngành: Giáo dục Tiểu học. Mã số: 8.14.01.14
|c Nguyễn Hồ Ngọc My ; Đỗ Văn Hùng (hướng dẫn)
|
| 260 |
# |
# |
|a Đồng Tháp
|b Đại học Đồng Tháp
|c 2019
|
| 300 |
# |
# |
|a 75 tr. +phụ lục
|c 30 cm.
|e 1 bản tóm tắt
|
| 500 |
# |
# |
|a ĐTTS ghi: Bộ giáo dục và đào tạo. Trường Đại học Đồng Tháp
|
| 653 |
# |
# |
|a Giáo dục tiểu học
|
| 653 |
# |
# |
|a Toán học
|
| 653 |
# |
# |
|a Số thập phân
|
| 653 |
# |
# |
|a Giải toán
|
| 653 |
# |
# |
|a Luận văn
|
| 653 |
# |
# |
|a Năng lực
|
| 700 |
1 |
# |
|a Đỗ, Văn Hùng
|e Hướng dẫn
|
| 852 |
# |
# |
|j LV.0002931
|j LV.0002930
|
| 910 |
# |
# |
|d 23/10/2019
|
| 980 |
# |
# |
|a Trung tâm Học liệu Lê Vũ Hùng, Trường Đại học Đồng Tháp
|